Cornelia Street lyrics - Statistics

General Stats
  • This quiz has been taken 183 times
  • The average score is 339 of 379
Answer Stats
Lyrics % Correct
"I
100%
I
100%
in
100%
the
100%
a
99%
again
99%
Cornelia
99%
I'd
99%
never
99%
Street,"
99%
street
99%
Street
99%
Street,
99%
walk
99%
Walk
99%
me
98%
on
97%
We
97%
we
97%
were
97%
you,
97%
you
97%
You
97%
so
96%
that
96%
back
95%
Back
95%
hope
95%
lose
95%
an
94%
bar
93%
ends
93%
if
93%
of
93%
place
93%
then
93%
this
93%
your
93%
And
92%
and
92%
away
92%
casually
92%
it
92%
car
91%
city
91%
could
91%
name
91%
something
91%
time
91%
baby,
90%
drunk
90%
kind
90%
my
90%
rent
90%
say
90%
screams
90%
seat,
90%
stronger
90%
than
90%
drinks
89%
heartbreak
89%
That's
89%
how
88%
I'm
88%
mend
87%
go
86%
leading
85%
terrified
85%
when
85%
get
84%
by
82%
home
82%
to
81%
as
80%
As
80%
us
80%
mystified
77%
thought
76%
new
75%
ever
74%
is
74%
Barefoot
73%
filling
73%
games,
73%
just
73%
kitchen,
73%
lights
73%
was
73%
arrowhead,
72%
beginnings
72%
blanks
72%
playing
72%
religion,
72%
But
71%
fresh
71%
hand
71%
page
71%
'round
71%
became
69%
Oh,
69%
pointed
69%
yours
69%
apartment
68%
before
68%
gone
68%
listen
68%
ago,
67%
shoulder
67%
Years
67%
bags,
66%
desk,
66%
don't
66%
even
66%
jacket
66%
knew
66%
sacred
66%
called,
65%
left
65%
packed
65%
card
63%
hold
63%
inside
63%
autumn
62%
wanna
62%
air
61%
sharks
61%
showed
61%
Windows
61%
around
60%
open,
60%
hit
59%
memorize
57%
turned
57%
right
55%
creaks
54%
rains
54%
Sat
54%
tunnel
54%
roof,
53%
floor
52%
bless
48%
yeah
42%
sprung
3%
No matching quizzes found
Score Distribution
Percent of People with Each Score
Percentile by Number Answered
Your Score History
You have not taken this quiz